| 000 | 00418nam a2200145Ia 4500 | ||
|---|---|---|---|
| 005 | 20250424120318.0 | ||
| 008 | 250424s9999 xx 000 0 und d | ||
| 022 | _aHD 75.6 P37/ | ||
| 050 | _aPartnership: a quarterly journal on sustainable development | ||
| 260 | _aAfrican cultural institute | ||
| 260 | _b2009 | ||
| 260 | _c15 p. : ill. ; 33 cm. | ||
| 300 | _aSustainable development--Periodicals. | ||
| 650 | _aSR | ||
| 999 |
_c38600 _d38600 |
||